taylor swift reputation stadium tour setlist - Statistics

General Stats
  • This quiz has been taken 31 times
  • The average score is 22 of 24
Answer Stats
Answer % Correct
Call it what you want
100%
Delicate
100%
I did something bad
100%
New years day
100%
Ready for it?
100%
Style
100%
this is why we can't have nice things
100%
Bad blood
94%
Dont blame me
94%
Dress
94%
Getaway car
94%
Gorgeous
94%
Look what you made me do
94%
Love story
94%
Shake it off
94%
we are never ever getting back together
94%
Blank space
89%
Dancing with our hands tied
89%
End game
89%
King of my heart
89%
Shouldve said no
89%
You belong with me
83%
Long live
72%
All too well
50%
No matching quizzes found
Score Distribution
Percent of People with Each Score
Percentile by Number Answered
Your Score History
You have not taken this quiz